Les franchises players NBA 2022-23 - Statistiques

Statistiques générales
  • Ce quiz a été pris 1 033 fois
  • Le résultat moyen est 24 sur 30
Statistiques - réponses
l'équipe réponse % Correct
Los Angeles Lakers Lebron James
98%
Golden State Warriors Stephen Curry
98%
Boston Celtics Jayson Tatum
97%
Denver Nuggets Nikola Jokic
97%
Dallas Mavericks Luka Doncic
96%
Atlanta Hawks Trae Young
95%
Memphis Grizzlies Ja Morant
93%
Charlotte Hornets Lamelo Ball
93%
Miami Heat Jimmy Butler
90%
Phoenix Suns Devin Booker
89%
Philadelphia 76ers Joel Embiid
89%
Brooklyn Nets Kevin Durant
88%
Minnesota Timberwolves Anthony Edwards
87%
Cleveland Cavaliers Donovan Mitchell
86%
Los Angeles Clippers Kawhi Leonard
86%
Milwaukee Bucks Giannis Antetokounmpo
85%
Chicago Bulls Demar Derozan
81%
Indiana Pacers Tyrese Haliburton
81%
Portland Trail Blazers Damian Lillard
80%
Oklahoma City Thunder Shai Gilgeous Alexander
80%
Sacramento Kings Domantas Sabonis
75%
Orlando Magic Paolo Banchero
72%
Detroit Pistons Cade Cunningham
71%
New York Knicks Julius Randle
67%
New Orleans Pelicans Brandon Ingram
64%
Toronto Raptors Pascal Siakam
60%
Washington Wizards Bradley Beal
57%
Houston Rockets Jalen Green
55%
Utah Jazz Lauri Markkanen
53%
San Antonio Spurs Keldon Johnson
34%
Aucun quiz correspondant
Distribution des résultats
% des personnes avec chaque résultat
Percentile par nombre de réponses
Votre historique - résultats
Vous n’avez pas pris ce quiz